Fußball: Europas Meister 2021/22 - Statistiken

Allgemein
  • Dieses Quiz wurde 1.620 mal gespielt
  • Das Durchschnittsergebnis liegt bei 12 aus 18
Antwortstatistiken
Land Verein % Korrekt
Deutschland Bayern München
99%
England Manchester City
95%
Frankreich Paris Saint-Germain
93%
Italien AC Mailand
88%
Niederlande Ajax Amsterdam
87%
Spanien Real Madrid
86%
Portugal FC Porto
83%
Österreich Red Bull Salzburg
81%
Dänemark FC Kopenhagen
75%
Schottland Celtic
69%
Belgien Club Brügge
69%
Russland Zenit St. Petersburg
60%
Schweiz FC Zürich
56%
Griechenland Olympiakos Piräus
53%
Israel Maccabi Haifa
36%
Türkei Trabzonspor
32%
Polen Lech Posen
31%
Rumänien CFR Cluj
25%
Keine übereinstimmenden Quizze gefunden
Verteilung der Resultate
Anzahl Personen mit jedem Resultat
Perzentil nach korrekt beantworteten Fragen
Ihre Resultats-Entwicklung
Sie haben dieses Quiz noch nicht gespielt